[Event "RUS-ch Rapid Men 2018"]
[Site "Sochi"]
[Date "2018.10.05"]
[Round "2"]
[White "Vastrukhin, Oleg"]
[Black "Derjabin, Ilja"]
[Result "1-0"]
[WhiteElo "2413"]
[BlackElo "2345"]
[Annotator "NA"]
[PlyCount "91"]
[EventDate "2018.10.05"]
[EventType "swiss"]
[EventCountry "RUS"]
[SourceTitle "playchess.com"]
[Source "ChessBase"]
[SourceQuality "1"]
[TimeControl "900+10"]

1. g3 {[%emt 0:00:00]} c5 {[%emt 0:00:00]} 2. Bg2 {[%emt 0:00:00]} d5 {[%emt 0:00:00]} 3. d3 {[%emt 0:00:06]} Nc6 {[%emt 0:00:00]} 4. e4 {[%emt 0:00:09]} dxe4 {[%emt 0:00:16]} 5. dxe4 {[%emt 0:00:02]} Qxd1+ {[%emt 0:00:19]} 6. Kxd1 {[%emt 0:00:01]} Nf6 {[%emt 0:04:29]} 7. f3 {[%emt 0:00:17]} b6 {[%emt 0:00:19]} 8. Be3 {[%emt 0:01:26]} g6 {[%emt 0:00:29]} 9. Nd2 {[%emt 0:00:21]} h5 {[%emt 0:00:13]} 10. h4 {[%emt 0:00:39]} Bh6 {[%emt 0:00:20]} 11. Bxh6 {[%emt 0:00:14]} Rxh6 {[%emt 0:00:02]} 12. c3 {[%emt 0:00:29]} Ba6 {[%emt 0:00:12]} 13. Bf1 {[%emt 0:00:58]} Bxf1 {[%emt 0:00:09]} 14. Nxf1 {[%emt 0:00:01]} O-O-O+ {[%emt 0:00:08]} 15. Ke2 {[%emt 0:00:01]} e6 {[%emt 0:03:12]} 16. Nh3 {[%emt 0:00:09]} Kd7 {[%emt 0:00:11]} 17. Rd1+ {[%emt 0:00:23]} Ke7 {[%emt 0:00:01]} 18. Rxd8 {[%emt 0:00:04]} Kxd8 {[%emt 0:00:17]} 19. Ne3 {[%emt 0:00:09]} Ke7 {[%emt 0:00:01]} 20. a4 {[%emt 0:02:08]} Rh8 {[%emt 0:00:07]} 21. Nc4 {[%emt 0:00:07]} Rd8 {[%emt 0:00:43]} 22. Nf4 {[%emt 0:00:32]} Na5 {[%emt 0:00:53]} 23. Ne5 {[%emt 0:03:56]} Nd7 {[%emt 0:01:33]} 24. Nxd7 {[%emt 0:00:01]} Rxd7 {[%emt 0:00:04]} 25. Nd3 {[%emt 0:00:02]} Nc6 {[%emt 0:00:08]} 26. f4 {[%emt 0:01:17]} c4 {[%emt 0:01:04]} 27. Nf2 {[%emt 0:00:04]} a6 {[%emt 0:00:26]} 28. Nd1 {[%emt 0:00:36]} b5 {[%emt 0:00:06]} 29. Ne3 {[%emt 0:00:03]} Na5 {[%emt 0:00:10]} 30. axb5 {[%emt 0:00:59]} axb5 {[%emt 0:00:03]} 31. Rd1 {[%emt 0:00:02]} Rb7 {[%emt 0:00:11]} 32. Nc2 {[%emt 0:00:35]} Nb3 {[%emt 0:00:20]} 33. Nb4 {[%emt 0:00:31]} Rc7 {[%emt 0:00:50]} 34. e5 {[%emt 0:00:20]} Nc5 {[%emt 0:00:04]} 35. Ke3 {[%emt 0:00:02]} Na4 {[%emt 0:00:03]} 36. Rd2 {[%emt 0:01:13]} f6 {[%emt 0:00:30]} 37. Rd6 {[%emt 0:01:07]} fxe5 {[%emt 0:00:39]} 38. fxe5 {[%emt 0:00:01]} Nxb2 {[%emt 0:01:11]} 39. Nc6+ {[%emt 0:00:01]} Kf7 {[%emt 0:00:02]} 40. Nd8+ {[%emt 0:00:02]} Ke7 {[%emt 0:00:00]} 41. Nxe6 {[%emt 0:00:17]} Ra7 {[%emt 0:01:00]} 42. Nf4 {[%emt 0:00:44]} Ra3 {[%emt 0:00:29]} 43. Nd5+ {[%emt 0:00:01]} Ke8 {[%emt 0:00:24]} 44. Rxg6 {[%emt 0:00:51]} Nd1+ {[%emt 0:00:24]} 45. Kd4 {[%emt 0:00:02]} b4 {[%emt 0:00:04]} 46. e6 {[%emt 0:00:03]} 1-0

[Event "RUS-ch Rapid Men 2018"]
[Site "Sochi"]
[Date "2018.10.05"]
[Round "2"]
[White "Ofitserian, Boris"]
[Black "Alekseenko, Kirill"]
[Result "0-1"]
[WhiteElo "2411"]
[BlackElo "2639"]
[Annotator "TA"]
[PlyCount "48"]
[EventDate "2018.10.05"]
[EventType "swiss"]
[EventCountry "RUS"]
[SourceTitle "playchess.com"]
[Source "ChessBase"]
[SourceQuality "1"]

{[%evp 19,48,-16,-18,-42,-16,-66,-70,-79,-77,-64,-68,-68,-45,-55,-2,-67,-73,-67,0,-51,-52,-76,-70,-142,-143,-139,-137,-147,-158,-790,-783]} 1. Nf3 c5 2. g3 Nc6 3. Bg2 g6 4. d4 cxd4 5. Nxd4 Bg7 6. Nb3 Nf6 7. c4 O-O 8. Nc3 d6 9. O-O Be6 {E60: King's Indian: Unusual lines and Fianchetto Variation without Nc3} 10. c5 d5 {LiveBook: 20 Games} 11. Be3 Qd7 {Black is slightly better.} 12. Nd4 $146 ({Predecessor:} 12. Qd2 Rad8 13. Rfd1 Qc8 14. Qc1 Rfe8 15. Bg5 d4 16. Nb5 Nh5 17. Bh6 {0-1 (48) Mandiza,F (2415)-Kaidanov,G (2577) Arlington 2013}) 12... Bh3 13. Nxc6 bxc6 14. Bd4 Rfe8 {[#] Hoping for ...Bxg2.} 15. Be5 Qf5 {aiming for ...Bxg2.} 16. Qd4 Qh5 (16... Bxg2 $15 17. Kxg2 Nh5 18. Bxg7 Nxg7) 17. Bxh3 (17. Bf3 $1 $11 Qf5 18. Rfd1) 17... Qxh3 $15 18. f3 Bf8 (18... Bh6 $15) 19. e4 (19. Bxf6 $11 exf6 20. e4) 19... Rad8 {[%cal Ba8d8,Bd8d5,Bd5d2][%mdl 32]} 20. exd5 Nxd5 21. Nxd5 ({White should try} 21. Qa4 $15) 21... Rxd5 $17 22. Qe3 {[#]} Red8 $1 23. Bc3 Bg7 {Strongly threatening ...Bxc3.} 24. Bxg7 $2 (24. Rae1 $17) 24... Rd2 {Precision: White = 29%, Black = 53%.} ({Less strong is} 24... Kxg7 25. Rae1 $15) 0-1

[Event "RUS-ch Rapid Men 2018"]
[Site "Sochi"]
[Date "2018.10.05"]
[Round "2"]
[White "Sadovsky, Artem"]
[Black "Moiseenko, Vadim"]
[Result "1/2-1/2"]
[WhiteElo "2408"]
[BlackElo "2492"]
[Annotator "TA"]
[PlyCount "84"]
[EventDate "2018.10.05"]
[EventType "swiss"]
[EventCountry "RUS"]
[SourceTitle "playchess.com"]
[Source "ChessBase"]
[SourceQuality "1"]

{[%evp 15,84,19,15,-27,-25,-40,-15,-29,-28,-58,-48,-45,-39,-47,-39,-72,-72,-75,-78,-167,-170,-194,-197,-256,-191,-187,-79,-81,0,0,0,0,0,0,152,0,45,0,0,0,0,0,0,-27,-14,-53,0,-39,-27,-103,0,0,91,0,156,-554,-564,-1545,0,0,0,0,0,0,0,0,0,0,0,0,29996]} 1. c4 b6 2. Nc3 Bb7 3. d4 e6 4. Nf3 Nf6 5. Bg5 h6 6. Bh4 Be7 7. Qc2 d5 8. e3 O-O 9. Bd3 {D58: Queen's Gambit Declined: Tartakower Defence} (9. Bxf6 Bxf6 10. cxd5 exd5 11. Be2 c5 12. Rd1 Nd7 13. O-O Rc8 14. Qf5 g6 15. Qf4 Bg7 16. Rd2 Qf6 17. Qg3 Qe7 18. Rfd1 Rfd8 {0-1 (31) Feller,S (2666)-Grischuk,A (2746) Khanty-Mansiysk 2011}) 9... c5 10. dxc5 Nc6 $146 {[%cal Bb8c6,Bc6b4,Bb4d3][%mdl 32]} ({Predecessor:} 10... bxc5 11. O-O Nc6 12. a3 Rc8 13. Rad1 Qe8 14. Bxf6 Bxf6 15. cxd5 Bxc3 16. dxc6 Qxc6 17. Qxc3 {1-0 (35) Glazov,A (1880)-Klobukov,S (1974) St Petersburg 2011}) 11. cxb6 Nb4 12. Qb1 Nxd3+ 13. Qxd3 Ba6 $36 {[%mdl 2048] Black is more active.} 14. Qd4 Bxc4 15. bxa7 Qa5 16. Ne5 {[#]} Rfc8 $1 17. a3 (17. Bxf6 $17 {was necessary.} Bxf6 18. f4) 17... Rxa7 $19 18. Bxf6 Bxf6 ({Don't do} 18... gxf6 19. Nxc4 Rxc4 20. Qd2 $15) 19. b4 (19. f4 $142) 19... Qa6 {Threatens to win with ...Rac7.} 20. f4 Rac7 (20... Bb3 $19 {and Black stays clearly on top. ...Rac7 is the strong threat.} 21. Kf2 Rac7) 21. Kf2 $17 Bb3 (21... Bxe5 $17 22. fxe5 Bf1 23. Rhxf1 Rxc3) 22. Rhc1 $11 Rc4 23. Qd2 $1 Bxe5 24. fxe5 Qb6 $2 {[#]} (24... Qa8 $11) 25. Ne2 $2 (25. Rab1 $16) 25... Bc2 26. Nd4 {[%cal Rc1c2]} Be4 27. Rxc4 dxc4 28. Qc3 $1 Qb7 29. a4 {[%cal Ba3a4,Ba4a5,Ba5a6][%mdl 32]} Bxg2 {White should prevent ...Be4.} 30. Rg1 Be4 (30... Bd5 $15) 31. a5 Bd3 32. b5 (32. Nf3 $11 {remains equal.}) 32... Rc5 (32... Ra8 $17 33. a6 Qe4) 33. a6 Qa8 (33... Qe4 $11 34. a7 Qh4+ 35. Rg3 Qxh2+ 36. Rg2 Qh4+ 37. Rg3 Be4) 34. Qa3 (34. Qa5 $16) 34... Rxe5 $2 ({Black should play} 34... Qe4 $1 $11) 35. b6 $2 (35. a7 $16 {and life is bright. Black must now prevent Qd6.} Rh5 36. b6) 35... Qe4 $19 36. Rg3 Qh4 $2 (36... Qh1 $19 {[%csl Gd3][%cal Rh1f1]} 37. Qxd3 cxd3) 37. a7 {The position is equal.} Qxh2+ 38. Rg2 Qh4+ 39. Rg3 Qh2+ 40. Rg2 Qh4+ 41. Rg3 Qh2+ 42. Rg2 Qh5 $2 {[%mdl 40960] Precision: White = 25%, Black = 51%. . An unexpected result.} (42... Qh4+ $11 43. Rg3) 1/2-1/2

[Event "RUS-ch Rapid Men 2018"]
[Site "Sochi"]
[Date "2018.10.05"]
[Round "2"]
[White "Sergeyev, Alexander"]
[Black "Rozum, Ivan"]
[Result "1/2-1/2"]
[WhiteElo "2397"]
[BlackElo "2573"]
[Annotator "TA"]
[PlyCount "112"]
[EventDate "2018.10.05"]
[EventType "swiss"]
[EventCountry "RUS"]
[SourceTitle "playchess.com"]
[Source "ChessBase"]
[SourceQuality "1"]

{[%evp 15,112,-13,-11,-14,0,-12,-12,-12,-12,-12,-12,-18,-18,-30,-16,-21,-16,-16,-1,-24,-3,-42,-43,-14,0,0,0,0,0,0,0,0,0,0,0,0,-8,-115,-76,-84,-77,-83,-86,-81,-78,-86,-77,-137,-37,-102,-111,-91,-35,-54,-54,-55,-48,-57,-47,-49,-61,-64,-43,-79,-32,-31,-27,-22,-6,-20,0,0,4,6,8,8,10,12,47,34,40,8,49,45,62,12,14,16,99,3,52,44,53,48,65,0,71,0,60]} 1. e4 c6 2. Nc3 d5 3. Nf3 Bg4 4. h3 Bxf3 5. Qxf3 e6 6. d3 Nd7 7. Qg3 {B11: Caro-Kann: Two Knights Variation} (7. Bd2 Qb6 8. O-O-O Bd6 9. h4 Ne7 10. h5 Be5 11. h6 g6 12. Na4 Qc7 13. Nc3 Rc8 14. Ne2 c5 15. exd5 Nxd5 {0-1 (25) Liang,A (2572)-Mamedyarov,S (2804) chess.com INT 2018}) 7... g6 8. Be2 Bg7 {LiveBook: 6 Games} 9. O-O Ne7 10. Kh1 O-O 11. f4 b5 12. Bf3 a5 $146 ({Predecessor:} 12... b4 13. Nd1 Nc5 14. Qf2 {½-½ (41) De la Villa Garcia,J (2470)-Ubilava,E (2535) Zaragoza 1994}) 13. Qf2 Qb6 14. exd5 exd5 15. Qxb6 Nxb6 16. g4 $1 Rfe8 17. Kg2 Nec8 18. Bd2 b4 19. Nd1 $1 Nd6 20. a3 bxa3 21. Rxa3 a4 22. Nc3 Nb5 $36 {[%mdl 2048] Black fights for an advantage.} 23. Nxb5 cxb5 24. Ra2 Rac8 25. Rc1 Bd4 26. c3 (26. b3 $11) 26... Be3 $17 27. Rd1 d4 28. Bxe3 Rxe3 (28... dxe3 $6 29. Re1 $11) 29. Kf2 Re7 30. Rb1 Rd7 (30... dxc3 $6 31. bxc3 Nd7 32. Rxb5 $11) 31. Be4 ({White should play} 31. Ra3) 31... Rc5 (31... dxc3 $17 32. bxc3 Nd5 33. Bxd5 Rxd5) 32. cxd4 (32. Ke2 $15) 32... Rc2+ 33. Ke3 b4 ({Better is} 33... Rh2 $17 34. Raa1 Rxh3+ 35. Kd2 Rxd4) 34. Raa1 Rh2 35. d5 Nxd5+ (35... Rxh3+ $6 36. Kd4 $14) 36. Bxd5 Rxd5 $15 {[%mdl 4096] Endgame KRR-KRR} 37. Rh1 Rxb2 38. Rxa4 Kg7 39. Ra7 Rb3 40. Rd1 Rd8 41. Rb7 h6 42. Ke4 Kf6 43. h4 Ke6 44. f5+ gxf5+ 45. gxf5+ Kf6 46. Rb6+ Ke7 47. Rxh6 Rb2 48. Rb6 b3 49. f6+ Kd7 50. Ra1 {[#] aiming for Ra7+.} Kc7 51. Rb4 {Threatens to win with Ra7+.} Kc6 (51... Rh2 $1 $11 {keeps the balance.} 52. Rxb3 Rxh4+ 53. Ke5 Rh5+ 54. Kf4 Rh4+ 55. Ke5 Rh5+ 56. Kf4 Rh4+ 57. Kg3 Rh6) 52. d4 (52. h5 $16) 52... Rh8 53. Ra6+ Kc7 54. Ra7+ Kc6 55. Ra6+ (55. Kd3 $5 {[%cal Ra7b7]} Rh2 56. Ra6+ (56. Rxb3 Rh3+ 57. Kc4 Rxb3 $16) (56. Rxf7 R8xh4 57. Re7 R4h3+ 58. Re3 Rxe3+ 59. Kxe3 Rh6 $11) 56... Kc7 57. Ra7+ (57. Rxb3 Rh3+ 58. Kc4 Rxb3 $14) 57... Kc6 58. Rab7 $16 (58. Rxb3 Rh3+ 59. Kc4 Rxb3 $16)) 55... Kc7 56. Ra7+ (56. Kd3 $5 {[%cal Ra6a7]} Ra2 57. Rab6 $16) 56... Kc6 {Precision: White = 46%, Black = 63%.} 1/2-1/2

[Event "RUS-ch Rapid Men 2018"]
[Site "Sochi"]
[Date "2018.10.05"]
[Round "2"]
[White "Yashmetov, Mikhail"]
[Black "Lysyj, Igor"]
[Result "0-1"]
[WhiteElo "2394"]
[BlackElo "2631"]
[Annotator "ChessBase"]
[PlyCount "92"]
[EventDate "2018.10.05"]
[EventType "swiss"]
[EventCountry "RUS"]
[SourceTitle "playchess.com"]
[Source "ChessBase"]
[SourceQuality "1"]
[TimeControl "900+10"]

1. Nf3 {[%emt 0:00:00]} d5 {[%emt 0:00:00]} 2. g3 {[%emt 0:00:00]} Nf6 {[%emt 0:00:00]} 3. Bg2 {[%emt 0:00:00]} e6 {[%emt 0:00:00]} 4. O-O {[%emt 0:00:03]} Be7 {[%emt 0:00:00]} 5. d4 {[%emt 0:00:12]} O-O {[%emt 0:00:00]} 6. c4 {[%emt 0:00:00]} Nbd7 {[%emt 0:00:01]} 7. Nbd2 {[%emt 0:00:00]} c6 {[%emt 0:00:10]} 8. Qc2 {[%emt 0:00:00]} b6 {[%emt 0:00:03]} 9. e4 {[%emt 0:00:12]} dxc4 {[%emt 0:00:01]} 10. Nxc4 {[%emt 0:00:09]} Bb7 {[%emt 0:00:02]} 11. Rd1 {[%emt 0:00:33]} c5 {[%emt 0:00:16]} 12. e5 {[%emt 0:08:36]} Nd5 {[%emt 0:00:06]} 13. Nd6 {[%emt 0:00:43]} Bxd6 {[%emt 0:01:39]} 14. exd6 {[%emt 0:00:02]} Rc8 {[%emt 0:00:50]} 15. dxc5 {[%emt 0:01:08]} Rxc5 {[%emt 0:00:30]} 16. Qd3 {[%emt 0:01:11]} Qa8 {[%emt 0:01:21]} 17. Bd2 {[%emt 0:01:15]} Rd8 {[%emt 0:02:14]} 18. Rac1 {[%emt 0:01:49]} Rxc1 {[%emt 0:01:56]} 19. Rxc1 {[%emt 0:00:12]} Nc5 {[%emt 0:00:05]} 20. Qe2 {[%emt 0:00:06]} Rxd6 {[%emt 0:00:43]} 21. b4 {[%emt 0:00:06]} Nd7 {[%emt 0:00:11]} 22. a3 {[%emt 0:00:10]} N5f6 {[%emt 0:00:58]} 23. Ne1 {[%emt 0:00:50]} Bxg2 {[%emt 0:00:11]} 24. Nxg2 {[%emt 0:00:02]} h6 {[%emt 0:00:48]} 25. Bf4 {[%emt 0:00:09]} Rc6 {[%emt 0:00:09]} 26. Rd1 {[%emt 0:00:07]} Nd5 {[%emt 0:00:15]} 27. Bd2 {[%emt 0:00:17]} Qc8 {[%emt 0:00:14]} 28. Nf4 {[%emt 0:00:23]} N7f6 {[%emt 0:00:41]} 29. Nxd5 {[%emt 0:00:02]} Nxd5 {[%emt 0:00:11]} 30. h3 {[%emt 0:00:07]} Rc2 {[%emt 0:00:20]} 31. Qf3 {[%emt 0:00:13]} Qc4 {[%emt 0:00:11]} 32. Kg2 {[%emt 0:00:27]} b5 {[%emt 0:00:14]} 33. h4 {[%emt 0:00:15]} a6 {[%emt 0:00:10]} 34. Be3 {[%emt 0:00:37]} Rc3 {[%emt 0:00:58]} 35. Rd4 {[%emt 0:00:02]} Qb3 {[%emt 0:00:11]} 36. Rg4 {[%emt 0:00:20]} Qc2 {[%emt 0:01:31]} 37. Kh3 {[%emt 0:00:25]} h5 {[%emt 0:00:33]} 38. Rg5 {[%emt 0:00:09]} g6 {[%emt 0:00:39]} 39. Re5 {[%emt 0:00:09]} Rxa3 {[%emt 0:00:23]} 40. Qh1 {[%emt 0:00:15]} Nxe3 {[%emt 0:00:37]} 41. Qa8+ {[%emt 0:00:06]} Kg7 {[%emt 0:00:07]} 42. fxe3 {[%emt 0:00:01]} Ra2 {[%emt 0:00:29]} 43. Qh1 {[%emt 0:00:02]} Qe2 {[%emt 0:00:17]} 44. Re4 {[%emt 0:00:06]} f5 {[%emt 0:00:09]} 45. Rd4 {[%emt 0:00:06]} Qg4+ {[%emt 0:00:03]} 46. Rxg4 {[%emt 0:00:01]} hxg4# {[%emt 0:00:01]} 0-1

[Event "RUS-ch Rapid Men 2018"]
[Site "Sochi"]
[Date "2018.10.05"]
[Round "2"]
[White "Gogolev, Artem"]
[Black "Sakaev, Konstantin"]
[Result "0-1"]
[WhiteElo "2389"]
[BlackElo "2584"]
[Annotator "TA"]
[PlyCount "70"]
[EventDate "2018.10.05"]
[EventType "swiss"]
[EventCountry "RUS"]
[SourceTitle "playchess.com"]
[Source "ChessBase"]
[SourceQuality "1"]

{[%evp 12,70,-8,-24,-27,-29,-25,-18,-22,-22,-17,-20,-30,-19,-18,-35,-34,-45,-50,-60,-19,-64,-62,-150,-147,-149,-141,-166,-189,-461,-439,-427,-250,-247,-248,-254,-249,-271,-270,-264,-262,-292,-277,-336,-305,-334,-337,-432,-439,-435,-434,-412,-427,-598,-376,-762,-730,-4914,-4910,-29984,-29985]} 1. Nf3 Nf6 2. g3 d5 3. c4 d4 4. Bg2 c5 5. O-O Nc6 6. d3 e5 7. e3 Bd6 {A09: Réti Opening: 1 Nf3 d5 2 c4} (7... Be7 8. exd4 cxd4 9. Re1 Nd7 10. Na3 O-O 11. Nc2 a5 12. b3 f6 13. Nd2 Nc5 14. Ne4 Bf5 15. Nxc5 Bxc5 {½-½ (31) Radjabov,T (2741)-Harikrishna,P (2738) Palma de Mallorca 2017}) 8. a3 $1 O-O 9. exd4 exd4 {The position is equal.} 10. Bg5 h6 11. Bxf6 Qxf6 12. Nbd2 Qd8 $36 {[%mdl 2048] Black has the initiative.} 13. Re1 Bg4 14. Qb3 $146 ({Predecessor:} 14. Qc2 Qd7 15. b4 cxb4 {0-1 (35) Fortin,M (1648)-Wilkes,A ICCF email 2013}) 14... Qc7 15. Nh4 Be7 16. h3 Bd7 17. Bxc6 ({White should play} 17. Nhf3 $15) 17... Bxc6 $17 18. Nf5 Rfe8 19. Nxe7+ Rxe7 20. Ne4 $2 {[#]} (20. Rxe7 {was necessary.} Qxe7 21. Qd1) 20... Rae8 $19 21. g4 Bxe4 (21... Qf4 $142 22. Qd1 Re6) 22. Rxe4 Rxe4 23. dxe4 Rxe4 {[%mdl 4096] Endgame KQR-KQR} 24. Rd1 b6 {[%cal Bb7b6,Bb6c5][%mdl 32]} 25. Qf3 Qe5 26. Kg2 g6 27. b4 Kg7 28. bxc5 bxc5 29. Rb1 Rf4 30. Qd3 h5 31. gxh5 Qxh5 32. Rb7 (32. Rb3 $142) 32... a6 33. Qg3 $2 (33. Rb3) 33... Rf5 {[#] Strongly threatening ...Rg5.} 34. Kh2 Qe2 35. Kg2 Qe4+ {Precision: White = 26%, Black = 83%.} 0-1

[Event "RUS-ch Rapid Men 2018"]
[Site "Sochi"]
[Date "2018.10.05"]
[Round "2"]
[White "Murzin, Volodar"]
[Black "Kryakvin, Dmitry"]
[Result "1-0"]
[WhiteElo "2340"]
[BlackElo "2595"]
[Annotator "RC"]
[PlyCount "195"]
[EventDate "2018.10.05"]
[EventType "swiss"]
[EventCountry "RUS"]
[SourceTitle "playchess.com"]
[Source "ChessBase"]
[SourceQuality "1"]
[TimeControl "900+10"]

1. e4 {[%emt 0:00:00]} c5 {[%emt 0:00:00]} 2. Nf3 {[%emt 0:00:00]} d6 {[%emt 0:00:00]} 3. Bb5+ {[%emt 0:00:00]} Bd7 {[%emt 0:00:00]} 4. Bxd7+ {[%emt 0:00:00]} Qxd7 {[%emt 0:00:00]} 5. O-O {[%emt 0:00:00]} Nf6 {[%emt 0:00:00]} 6. Re1 {[%emt 0:00:01]} Nc6 {[%emt 0:00:00]} 7. c3 {[%emt 0:00:02]} e6 {[%emt 0:00:00]} 8. d4 {[%emt 0:00:01]} cxd4 {[%emt 0:00:00]} 9. cxd4 {[%emt 0:00:01]} d5 {[%emt 0:00:00]} 10. e5 {[%emt 0:00:01]} Ne4 {[%emt 0:00:00]} 11. Nbd2 {[%emt 0:00:01]} Nxd2 {[%emt 0:00:00]} 12. Bxd2 {[%emt 0:00:02]} Be7 {[%emt 0:00:02]} 13. Rc1 {[%emt 0:00:01]} O-O {[%emt 0:00:13]} 14. Rc3 {[%emt 0:00:01]} Rfc8 {[%emt 0:00:25]} 15. a3 {[%emt 0:00:23]} Bd8 {[%emt 0:00:15]} 16. Rd3 {[%emt 0:00:04]} Ne7 {[%emt 0:00:21]} 17. Ng5 {[%emt 0:00:40]} Ng6 {[%emt 0:00:50]} 18. Nxh7 {[%emt 0:01:57]} Kxh7 {[%emt 0:00:53]} 19. Qh5+ {[%emt 0:00:02]} Kg8 {[%emt 0:00:01]} 20. Rh3 {[%emt 0:00:02]} a5 {[%emt 0:05:20]} 21. Qh7+ {[%emt 0:00:13]} Kf8 {[%emt 0:00:01]} 22. Rf3 {[%emt 0:00:14]} Ne7 {[%emt 0:03:06]} 23. Qh8+ {[%emt 0:00:53]} Ng8 {[%emt 0:00:04]} 24. Rg3 {[%emt 0:00:15]} f5 {[%emt 0:00:49]} 25. Bh6 {[%emt 0:00:12]} Rc7 {[%emt 0:00:01]} 26. h3 {[%emt 0:04:00]} Qf7 {[%emt 0:00:18]} 27. Rxg7 {[%emt 0:00:16]} Qxg7 {[%emt 0:00:02]} 28. Bxg7+ {[%emt 0:00:02]} Rxg7 {[%emt 0:00:01]} 29. Qh5 {[%emt 0:03:06]} Rc8 {[%emt 0:00:13]} 30. Qe2 {[%emt 0:00:41]} Rc4 {[%emt 0:00:21]} 31. Qd2 {[%emt 0:00:31]} Bb6 {[%emt 0:00:54]} 32. Rc1 {[%emt 0:00:54]} Rgc7 {[%emt 0:00:12]} 33. Rxc4 {[%emt 0:01:45]} Rxc4 {[%emt 0:00:01]} 34. g4 {[%emt 0:00:24]} Rxd4 {[%emt 0:00:27]} 35. Qc2 {[%emt 0:00:21]} Ne7 {[%emt 0:01:08]} 36. gxf5 {[%emt 0:00:03]} exf5 {[%emt 0:00:01]} 37. Qe2 {[%emt 0:01:06]} Bc7 {[%emt 0:01:20]} 38. Qe3 {[%emt 0:00:29]} Re4 {[%emt 0:02:05]} 39. Qh6+ {[%emt 0:00:02]} Ke8 {[%emt 0:00:02]} 40. e6 {[%emt 0:00:10]} Be5 {[%emt 0:00:02]} 41. Qh5+ {[%emt 0:00:08]} Kd8 {[%emt 0:00:03]} 42. Qf7 {[%emt 0:00:03]} Bd6 {[%emt 0:00:12]} 43. Qf8+ {[%emt 0:01:15]} Kc7 {[%emt 0:00:01]} 44. Qa8 {[%emt 0:00:04]} Rxe6 {[%emt 0:00:55]} 45. Qxa5+ {[%emt 0:00:01]} Kc8 {[%emt 0:00:03]} 46. Qa8+ {[%emt 0:00:05]} Bb8 {[%emt 0:00:06]} 47. Qa5 {[%emt 0:00:27]} d4 {[%emt 0:00:08]} 48. Qc5+ {[%emt 0:00:03]} Nc6 {[%emt 0:00:09]} 49. Qxf5 {[%emt 0:00:04]} Kd7 {[%emt 0:00:05]} 50. b4 {[%emt 0:00:12]} Be5 {[%emt 0:00:20]} 51. f4 {[%emt 0:00:24]} Bf6 {[%emt 0:00:22]} 52. Kf1 {[%emt 0:00:05]} Ne7 {[%emt 0:00:17]} 53. Qb5+ {[%emt 0:00:01]} Kc7 {[%emt 0:00:04]} 54. Qa5+ {[%emt 0:00:55]} Kb8 {[%emt 0:00:20]} 55. Qb5 {[%emt 0:00:43]} Rd6 {[%emt 0:00:12]} 56. Ke2 {[%emt 0:00:28]} d3+ {[%emt 0:00:04]} 57. Kd2 {[%emt 0:00:01]} Bc3+ {[%emt 0:00:18]} 58. Kd1 {[%emt 0:00:22]} Nc8 {[%emt 0:00:28]} 59. Qc4 {[%emt 0:00:20]} Bf6 {[%emt 0:00:09]} 60. Kd2 {[%emt 0:00:01]} Nb6 {[%emt 0:00:17]} 61. Qc5 {[%emt 0:00:04]} Be7 {[%emt 0:00:26]} 62. f5 {[%emt 0:00:13]} Bg5+ {[%emt 0:00:13]} 63. Kd1 {[%emt 0:00:02]} Nc8 {[%emt 0:00:23]} 64. b5 {[%emt 0:00:14]} d2 {[%emt 0:00:15]} 65. a4 {[%emt 0:00:02]} b6 {[%emt 0:00:04]} 66. Qe5 {[%emt 0:00:06]} Bf6 {[%emt 0:00:17]} 67. Qf4 {[%emt 0:00:09]} Kc7 {[%emt 0:00:04]} 68. h4 {[%emt 0:00:12]} Ne7 {[%emt 0:00:02]} 69. h5 {[%emt 0:00:06]} Kd7 {[%emt 0:00:10]} 70. Qc4 {[%emt 0:00:21]} Nxf5 {[%emt 0:00:18]} 71. Qg4 {[%emt 0:00:07]} Ke6 {[%emt 0:00:00]} 72. h6 {[%emt 0:00:14]} Rd4 {[%emt 0:00:02]} 73. Qh3 {[%emt 0:00:12]} Rh4 {[%emt 0:00:39]} 74. Qb3+ {[%emt 0:00:01]} Ke7 {[%emt 0:00:02]} 75. Kxd2 {[%emt 0:00:04]} Rh2+ {[%emt 0:00:09]} 76. Kd1 {[%emt 0:00:07]} Rxh6 {[%emt 0:00:08]} 77. Qb4+ {[%emt 0:00:00]} Kf7 {[%emt 0:00:12]} 78. Qe4 {[%emt 0:00:03]} Ne7 {[%emt 0:00:14]} 79. Qc4+ {[%emt 0:00:20]} Kg7 {[%emt 0:00:06]} 80. Qc7 {[%emt 0:00:07]} Bg5 {[%emt 0:00:08]} 81. a5 {[%emt 0:00:35]} bxa5 {[%emt 0:00:02]} 82. b6 {[%emt 0:00:00]} Rh1+ {[%emt 0:00:23]} 83. Ke2 {[%emt 0:00:05]} Rb1 {[%emt 0:00:08]} 84. b7 {[%emt 0:00:06]} Rb2+ {[%emt 0:00:19]} 85. Kf3 {[%emt 0:00:01]} a4 {[%emt 0:00:07]} 86. b8=Q {[%emt 0:00:11]} Rxb8 {[%emt 0:00:01]} 87. Qxb8 {[%emt 0:00:01]} a3 {[%emt 0:00:04]} 88. Qa7 {[%emt 0:00:02]} Bf6 {[%emt 0:00:05]} 89. Qxa3 {[%emt 0:00:02]} Ng6 {[%emt 0:00:05]} 90. Ke4 {[%emt 0:00:02]} Ne7 {[%emt 0:00:02]} 91. Qh3 {[%emt 0:00:23]} Kg6 {[%emt 0:00:08]} 92. Kf4 {[%emt 0:00:24]} Kg7 {[%emt 0:00:07]} 93. Qh5 {[%emt 0:00:18]} Kg8 {[%emt 0:00:21]} 94. Qe8+ {[%emt 0:00:10]} Kg7 {[%emt 0:00:01]} 95. Kg4 {[%emt 0:00:01]} Ng6 {[%emt 0:00:24]} 96. Kf5 {[%emt 0:00:07]} Nh4+ {[%emt 0:00:17]} 97. Ke6 {[%emt 0:00:05]} Bg5 {[%emt 0:00:01]} 98. Qh5 {[%emt 0:00:31]} 1-0